000 02092nam0a2200361 4500
001 RU\NLR\bibl\1728818
005 20250616075038.0
010 _a978-5-98110-027-7
_9500
021 _aRU
_b2010-102374
_96919
035 _a(NLR Aleph) 001719778
090 _a1332348
_c1332348
100 _a20110131d2010 |||y0rusy50 ca
101 0 _arus
102 _aRU
105 _aa |||||||||
200 1 _aПсихологические аспекты информационно-пропагандистского сопровождения оперативно-служебной деятельности пограничных органов федеральной службы безопасности
_eмонография
_fМ.С. Георгадзе
_gФедерал. гос. образоват. учреждение высш. проф. образования "Голицын. погранич. ин-т Федерал. службы безопасности Рос. Федерации", [Каф. психологии и педагогики проф. деятельности]
210 _aГолицыно
_cГПИ ФСБ России
_d2010
215 _a107 с.
_cил.
_d21
300 _aВ вып. дан. авт.: Георгадзе М.С. - к.п.н., доц.
320 _aБиблиогр.: с. 81-97 (226 назв.) и в подстроч. прим.
601 0 1 _aРоссийская Федерация
_bФедеральная служба безопасности
_bПограничная служба
_xИнформационная политика
_92113628
_3RU\NLR\auth\661580626
606 1 _aСредства массовой информации
_xПсихологическое воздействие
_92135442
_3RU\NLR\auth\661287732
686 _aС550.57
686 _aЮ932.1
686 _aЦ68,6(2Р)1-221.1
700 1 _aГеоргадзе
_bМ. С.
_gМихаил Суликович
_4070
801 0 _aRU
_bNLR
_c20110131
_gRCR
801 1 _aRU
_bNLR
_c20110131
830 _aавт. по кн.
942 _cBOOK
980 _aNB